00395 2200157 4500001002100000005001500021035002000036245004300056100002000099300002800119260003100147082000800178084001400186020002200200990001500222INLIS00000000000326420251203103647 a0010-12250000851 aAngsa dan Kelelawar /cKeigo Higashino0 aKeigo Higashino a560 hlm ;c13,5 x 20 cm aJakarta :bGramedia,c2025 a813 a813 KEI a a978-602-06-7069-0 a19739/B/26